000 01021nam a2200217Ia 4500
003 Ost
005 20260507075126.0
008 260507s9999||||xx |||||||||||||| ||und||
040 _cfsecg
041 _aara
082 _a330
100 _aالسيد، إسماعيل محمد
_eمؤلف
245 0 _aإدارة الإمداد والتوزيع /
_c إسماعيل محمد السيد
260 _aالإسكندرية:
_bدار الفكر الجامعي,
_c2006
300 _a210 صفحة؛
_bإيضاحات ؛
_c24 سم
520 _aماهية الإمداد والتوزيع-إدارة سلسلة الإمداد-مستوى خدمة المستهلك-مفهوم التوزيع المادي-نشاط النقل-إدارة المخازن-الرقابة على المخزون-النماذج التقريرية للرقابة على المخزون
653 _aإدارة الإمداد
653 _aإدارة التوزيع
700 _aماضي، محمد توفيق
_eمؤلف ثانوي
942 _cكتاب
999 _c43155
_d43155